| 000 | 00449nam a2200205Ia 4500 | ||
|---|---|---|---|
| 001 | 14371 | ||
| 003 | GE_BSU | ||
| 008 | 181216s||||||||xx |||||||||||||| ||und|| | ||
| 020 | _a074930054X | ||
| 040 | _cGE_BSU | ||
| 080 | _a821.111-312.4 | ||
| 100 | _aHarris,Thomas | ||
| 245 | 4 | _aThe Silence of the Lambs | |
| 260 | _aLondon | ||
| 260 | _bArrow | ||
| 260 | _c1989 | ||
| 300 | _a358p.18cm. | ||
| 653 | _aThe Silence of the Lambs | ||
| 942 | _cBK | ||
| 999 |
_c47507 _d47507 |
||